000 01000nam a22001937a 4500
999 _c62415
_d62415
003 Ge_BSU
005 20241028112940.0
008 241028s1951 ge ||||| |||| 00| 0 geo d
041 _ageo
080 _a615.825(075.8) ჯ-14
100 _aჯაველიძე, ვ.პ.
_923522
245 _aსამკურნალო ფიზიკური კულტურა :
_b სახელმძღვ. ფიზიკ. კულტურის ინ-ტის სტუდენტთათვის /
_cვ.პ. ჯაველიძე; ვ.გ. კუნჭულიას რედ.
264 _aთბილისი :
_bსაქ. სსრ სამედიცინო გამ-ბა,
_c1951.
300 _a167 გვ. :
_bილ. ;
_c21 სმ.
653 _aსამკურნალო ფიზკულტურა
653 _aმედიცინა
700 _aკუნჭულია, ვ.გ
_eრედაქციით
_923523
942 _2udc
_cᲬᲘᲒᲜᲘ